[Event "ESP-chT CECLUB Sur Div 1"]
[Site "Burguillos"]
[Date "2007.08.23"]
[Round "2"]
[White "Cuenca Jimenez, Jose Fernando"]
[Black "Ibarra Jerez, Jose Carlos"]
[Result "1-0"]
[WhiteElo "2408"]
[BlackElo "2475"]
[PlyCount "43"]
[EventDate "2007.08.22"]
[EventType "team"]
[EventRounds "6"]
[EventCountry "ESP"]
[SourceTitle "CBM 119 Extra"]
[Source "ChessBase"]
[SourceDate "2007.09.04"]
[SourceVersion "1"]
[SourceVersionDate "2007.09.04"]
[SourceQuality "1"]

1. e4 c5 2. Nf3 d6 3. d4 Nf6 4. Nc3 cxd4 5. Nxd4 a6 6. Bg5 e6 7. f4 Be7 8. Qf3
Qc7 9. O-O-O Nbd7 10. g4 b5 11. Bxf6 Bxf6 12. g5 Bxd4 13. Rxd4 Bb7 14. Bh3 Nb6
15. Rhd1 Rc8 16. f5 exf5 17. Bxf5 Rd8 18. Qg3 Nc4 19. b3 Na5 20. Rxd6 Rxd6 21.
Rxd6 Qc5 22. b4 1-0

[Event "ESP-chT CECLUB Sur Div 1"]
[Site "Burguillos"]
[Date "2007.08.23"]
[Round "3"]
[White "Avrukh, Boris"]
[Black "Cuenca Jimenez, Jose Fernando"]
[Result "1-0"]
[WhiteElo "2645"]
[BlackElo "2408"]
[PlyCount "121"]
[EventDate "2007.08.22"]
[EventType "team"]
[EventRounds "6"]
[EventCountry "ESP"]
[SourceTitle "CBM 119 Extra"]
[Source "ChessBase"]
[SourceDate "2007.09.04"]
[SourceVersion "1"]
[SourceVersionDate "2007.09.04"]
[SourceQuality "1"]

1. d4 Nf6 2. c4 g6 3. g3 Bg7 4. Bg2 O-O 5. Nc3 d6 6. Nf3 Nbd7 7. O-O e5 8. e4
a6 9. h3 b5 10. dxe5 dxe5 11. Qc2 c6 12. Be3 Qe7 13. Nd2 Bb7 14. Nb3 a5 15.
Rfd1 Rfc8 16. Rac1 a4 17. Nd2 a3 18. Ncb1 axb2 19. Qxb2 Nc5 20. Bxc5 Qxc5 21.
cxb5 Qxb5 22. Qc2 Bh6 23. Nc3 Qc5 24. Qb1 Qa7 25. Rc2 Ba6 26. Nf3 Nd7 27. Bf1
Rab8 28. Rb2 Rxb2 29. Qxb2 Bxf1 30. Kxf1 Nc5 31. Kg2 Ne6 32. Qc2 Nd4 33. Nxd4
exd4 34. Nb5 Qd7 35. Na3 c5 36. Nc4 Rb8 37. f4 Bf8 38. h4 Rb4 39. a3 Qa4 40.
Qxa4 Rxa4 41. Rc1 Be7 42. Kf3 f5 43. e5 Ra7 44. Rc2 Kf7 45. Ke2 h6 46. Rb2 g5
47. h5 gxf4 48. gxf4 Ra8 49. Rb6 Rg8 50. Rg6 Rb8 51. Nb6 Bd8 52. e6+ Ke7 53.
Nd5+ Kf8 54. Rxh6 Kg7 55. Rg6+ Kh7 56. e7 Bxe7 57. Nxe7 c4 58. Nd5 Rc8 59. Nf6+
Kh8 60. h6 d3+ 61. Ke3 1-0

[Event "ESP-chT CECLUB Sur Div 1"]
[Site "Burguillos"]
[Date "2007.08.24"]
[Round "4"]
[White "Cuenca Jimenez, Jose Fernando"]
[Black "Vallejo Diaz, Javier"]
[Result "1-0"]
[WhiteElo "2408"]
[BlackElo "2319"]
[PlyCount "69"]
[EventDate "2007.08.22"]
[EventType "team"]
[EventRounds "6"]
[EventCountry "ESP"]
[SourceTitle "CBM 119 Extra"]
[Source "ChessBase"]
[SourceDate "2007.09.04"]
[SourceVersion "1"]
[SourceVersionDate "2007.09.04"]
[SourceQuality "1"]

1. e4 d6 2. c4 Nf6 3. Nc3 c5 4. g3 e5 5. Bg2 Nc6 6. Nge2 h5 7. h4 Be7 8. d3 Nd4
9. f3 Bd7 10. Be3 Rb8 11. Qd2 a6 12. Nd1 b5 13. Nf2 Qb6 14. b3 a5 15. O-O O-O
16. cxb5 Qxb5 17. Bg5 a4 18. Rab1 Nxe2+ 19. Qxe2 Be6 20. f4 Bg4 21. Bf3 exf4
22. gxf4 Qd7 23. f5 Bxf3 24. Qxf3 g6 25. Bh6 Nh7 26. Qg3 Kh8 27. fxg6 fxg6 28.
Bxf8 Rxf8 29. Nh3 Rg8 30. Ng5 Nxg5 31. hxg5 Qd8 32. bxa4 Bxg5 33. Rf7 Rg7 34.
Qf3 Kg8 35. Rbb7 1-0

[Event "ESP-chT CECLUB Sur Div 1"]
[Site "Burguillos"]
[Date "2007.08.25"]
[Round "5"]
[White "Razmyslov, Alexander"]
[Black "Cuenca Jimenez, Jose Fernando"]
[Result "1/2-1/2"]
[WhiteElo "2354"]
[BlackElo "2408"]
[PlyCount "117"]
[EventDate "2007.08.22"]
[EventType "team"]
[EventRounds "6"]
[EventCountry "ESP"]
[SourceTitle "CBM 119 Extra"]
[Source "ChessBase"]
[SourceDate "2007.09.04"]
[SourceVersion "1"]
[SourceVersionDate "2007.09.04"]
[SourceQuality "1"]

1. e4 e6 2. d4 d5 3. Nc3 Nf6 4. Bg5 dxe4 5. Nxe4 Be7 6. Bxf6 gxf6 7. Nf3 a6 8.
g3 Nc6 9. Nc3 f5 10. d5 Nb4 11. dxe6 Qxd1+ 12. Rxd1 Bxe6 13. Rd2 Rd8 14. a3 Nc6
15. Bd3 O-O 16. O-O b5 17. a4 bxa4 18. Nxa4 Nb4 19. Ne5 Bf6 20. Re1 Rd5 21. f4
Bxe5 22. Rxe5 Rxe5 23. fxe5 Rd8 24. Nc5 Rd5 25. Nxe6 fxe6 26. Kf2 Kf8 27. h3
Ke7 28. g4 Rxe5 29. gxf5 Nxd3+ 30. Rxd3 Rxf5+ 31. Ke3 Rb5 32. b3 Rd5 33. Rc3
Kd6 34. Rc4 Re5+ 35. Kd3 Rh5 36. h4 Rd5+ 37. Ke3 a5 38. Ra4 Rb5 39. Rd4+ Rd5
40. Ra4 Rc5 41. Rd4+ Ke7 42. c4 Re5+ 43. Kd3 Rf5 44. Ke2 h5 45. Rd1 Rf4 46. Ra1
Rxh4 47. Rxa5 Rh1 48. Kf2 h4 49. Kg2 Rb1 50. Rb5 Kd6 51. Kh3 Rh1+ 52. Kg4 h3
53. Kg3 Kc6 54. Re5 Kd6 55. Re3 Kc5 56. Rxe6 Rb1 57. Re5+ Kb4 58. Rb5+ Ka3 59.
Rc5 1/2-1/2

[Event "Granada op"]
[Site "Granada"]
[Date "2007.12.07"]
[Round "4"]
[White "Strikovic, Aleksa"]
[Black "Cuenca Jimenez, Jose Fernando"]
[Result "0-1"]
[WhiteElo "2551"]
[BlackElo "2451"]
[PlyCount "82"]
[EventDate "2007.12.05"]
[EventType "swiss"]
[EventRounds "9"]
[EventCountry "ESP"]
[SourceTitle "CBM 121 Extra"]
[Source "ChessBase"]
[SourceDate "2008.01.10"]
[SourceVersion "1"]
[SourceVersionDate "2008.01.10"]
[SourceQuality "1"]

1. Nf3 Nf6 2. g3 g6 3. Bg2 Bg7 4. O-O O-O 5. c4 d6 6. d4 Nbd7 7. Qc2 e5 8. Rd1
exd4 9. Nxd4 a6 10. e4 Rb8 11. Nc3 Re8 12. a4 a5 13. Ndb5 Nc5 14. Bf4 Bd7 15.
h3 h6 16. Re1 Be6 17. b3 Nfd7 18. Rad1 Na6 19. Nd4 Qf6 20. Be3 Ndc5 21. f4 c6
22. Na2 Bd7 23. Bf2 Qd8 24. Nc1 Nb4 25. Qd2 Qe7 26. Nc2 Nxc2 27. Qxc2 b5 28.
axb5 cxb5 29. Qd2 bxc4 30. bxc4 Ba4 31. Qxd6 Bxd1 32. Qxe7 Rxe7 33. Bxc5 Rd7
34. e5 Bf8 35. Bxf8 Kxf8 36. Bd5 Bb3 37. Nd3 Rc7 38. e6 fxe6 39. Rxe6 Bxc4 40.
Bxc4 Rxc4 41. Ne5 Rc2 0-1

[Event "Granada op"]
[Site "Granada"]
[Date "2007.12.07"]
[Round "5"]
[White "Cuenca Jimenez, Jose Fernando"]
[Black "Damljanovic, Branko"]
[Result "0-1"]
[WhiteElo "2451"]
[BlackElo "2608"]
[PlyCount "108"]
[EventDate "2007.12.05"]
[EventType "swiss"]
[EventRounds "9"]
[EventCountry "ESP"]
[SourceTitle "CBM 121 Extra"]
[Source "ChessBase"]
[SourceDate "2008.01.10"]
[SourceVersion "1"]
[SourceVersionDate "2008.01.10"]
[SourceQuality "1"]

1. e4 c5 2. Nf3 e6 3. d4 cxd4 4. Nxd4 a6 5. Nc3 Qc7 6. Bd3 Bc5 7. Nb3 Be7 8.
Qg4 g6 9. Bg5 h5 10. Qh4 d6 11. O-O-O Nc6 12. Rhe1 Ne5 13. Bxe7 Qxe7 14. Qg3 g5
15. Qe3 Bd7 16. Na5 Bc6 17. Qd4 Nf6 18. Nc4 O-O-O 19. Nxe5 dxe5 20. Qxe5 Ng4
21. Qg3 Qf6 22. Rd2 Ne5 23. Qe3 h4 24. h3 g4 25. hxg4 Nxg4 26. Qe2 Ne5 27. Rf1
Qf4 28. Qe3 Qxe3 29. fxe3 Rdg8 30. Rf4 Rg3 31. Nd1 Rh7 32. b3 Kc7 33. Kb2 Ng6
34. Rff2 Rg7 35. a3 Rg4 36. Nc3 Ne5 37. a4 Rg3 38. Nd1 R7g4 39. Kc1 Bxe4 40.
Bxe4 Rxe4 41. Rf4 Rgxe3 42. Rxh4 Rxh4 43. Nxe3 Re4 44. Nd1 Re1 45. Kb2 Rg1 46.
Kc3 Ng6 47. Ne3 f5 48. Rf2 Kd6 49. Nxf5+ exf5 50. Rxf5 Rxg2 51. b4 Ne5 52. b5
a5 53. Rf6+ Kd5 54. Rb6 Rg3+ 0-1

[Event "Granada op"]
[Site "Granada"]
[Date "2007.12.08"]
[Round "7"]
[White "Cuenca Jimenez, Jose Fernando"]
[Black "Movsziszian, Karen"]
[Result "0-1"]
[WhiteElo "2451"]
[BlackElo "2531"]
[PlyCount "82"]
[EventDate "2007.12.05"]
[EventType "swiss"]
[EventRounds "9"]
[EventCountry "ESP"]
[SourceTitle "CBM 121 Extra"]
[Source "ChessBase"]
[SourceDate "2008.01.10"]
[SourceVersion "1"]
[SourceVersionDate "2008.01.10"]
[SourceQuality "1"]

1. e4 g6 2. d4 Bg7 3. Nc3 c6 4. Be3 Qb6 5. Rb1 d6 6. Nf3 Nf6 7. Qd2 O-O 8. h3
Qc7 9. Bh6 e5 10. Bxg7 Kxg7 11. dxe5 dxe5 12. Bd3 Nbd7 13. O-O Nc5 14. Nh2 Ne6
15. Ng4 Nxg4 16. hxg4 Rh8 17. Be2 Nd4 18. g3 Qd7 19. Qe3 Nxc2 20. Qc5 Re8 21.
Nb5 Nd4 22. Nxd4 Qxd4 23. Qc2 Be6 24. Rbd1 Qb6 25. Qc3 Bxa2 26. Ra1 Bb3 27. Ra3
Be6 28. Qxe5+ Kg8 29. Qf6 Rad8 30. Bf3 Rd2 31. b3 a6 32. Kg2 Red8 33. g5 Bxb3
34. Bg4 Bc4 35. Rh1 Qb2 36. Raa1 Rxf2+ 37. Qxf2 Rd2 38. Qxd2 Qxd2+ 39. Kh3 Qxg5
40. Rhc1 b5 41. Rc2 Bd3 0-1

[Event "ESP-chT3 Autonomicas"]
[Site "Melilla"]
[Date "2008.05.01"]
[Round "2"]
[White "Cuenca Jimenez, Jose Fernando"]
[Black "Valles Moreno, Ivan"]
[Result "1-0"]
[WhiteElo "2455"]
[BlackElo "2403"]
[PlyCount "101"]
[EventDate "2008.04.30"]
[EventType "team"]
[EventRounds "6"]
[EventCountry "ESP"]
[SourceTitle "CBM 124 Extra"]
[Source "ChessBase"]
[SourceDate "2008.07.03"]
[SourceVersion "1"]
[SourceVersionDate "2008.07.03"]
[SourceQuality "1"]

1. e4 e5 2. Nf3 Nc6 3. Bb5 a6 4. Bxc6 dxc6 5. O-O f6 6. d4 exd4 7. Nxd4 c5 8.
Ne2 Qxd1 9. Rxd1 Bd7 10. Nbc3 O-O-O 11. f3 Ne7 12. Nf4 Nc6 13. Be3 Ne5 14. Nd3
c4 15. Nc5 Bd6 16. Nxd7 Rxd7 17. a4 Re8 18. Nd5 a5 19. Bf2 Rdd8 20. h3 Kb8 21.
Kf1 Bf8 22. Ne3 b6 23. Ke2 Kc8 24. Rxd8+ Kxd8 25. Rd1+ Kc8 26. Bg3 c3 27. Bxe5
Rxe5 28. bxc3 Bc5 29. Nc4 Re8 30. Rd5 Re7 31. Nxa5 Bd6 32. Nc4 Bg3 33. a5 bxa5
34. Nxa5 Re6 35. Nb3 Rc6 36. Kd3 Be5 37. c4 Ra6 38. Ra5 Rd6+ 39. Ke2 Rb6 40.
Ra8+ Kb7 41. Rh8 h6 42. Rh7 f5 43. exf5 Kc6 44. Rh8 Ra6 45. Re8 Bd6 46. Re6 Kb7
47. c5 Bh2 48. Rxa6 Kxa6 49. Nd4 Be5 50. Kd3 h5 51. g4 1-0

[Event "ESP-chT3 Autonomicas"]
[Site "Melilla"]
[Date "2008.05.01"]
[Round "3"]
[White "Cuenca Jimenez, Jose Fernando"]
[Black "De la Villa Garcia, Jesus Maria"]
[Result "1/2-1/2"]
[WhiteElo "2455"]
[BlackElo "2450"]
[PlyCount "36"]
[EventDate "2008.04.30"]
[EventType "team"]
[EventRounds "6"]
[EventCountry "ESP"]
[SourceTitle "CBM 124 Extra"]
[Source "ChessBase"]
[SourceDate "2008.07.03"]
[SourceVersion "1"]
[SourceVersionDate "2008.07.03"]
[SourceQuality "1"]

1. d4 Nf6 2. Nf3 e6 3. g3 c5 4. c4 cxd4 5. Nxd4 d5 6. Bg2 e5 7. Nb3 Bb4+ 8. Bd2
Bxd2+ 9. Qxd2 Be6 10. Qb4 Qb6 11. Qxb6 axb6 12. cxd5 Nxd5 13. O-O Nc6 14. N1d2
Ke7 15. a3 Rhd8 16. Rfd1 f6 17. Kf1 Rac8 18. Rac1 Na5 1/2-1/2

[Event "ESP-chT3 Autonomicas"]
[Site "Melilla"]
[Date "2008.05.02"]
[Round "5"]
[White "Cuenca Jimenez, Jose Fernando"]
[Black "Larino Nieto, David"]
[Result "1/2-1/2"]
[WhiteElo "2455"]
[BlackElo "2422"]
[PlyCount "85"]
[EventDate "2008.04.30"]
[EventType "team"]
[EventRounds "6"]
[EventCountry "ESP"]
[SourceTitle "CBM 124 Extra"]
[Source "ChessBase"]
[SourceDate "2008.07.03"]
[SourceVersion "1"]
[SourceVersionDate "2008.07.03"]
[SourceQuality "1"]

1. e4 c5 2. Nf3 d6 3. d4 cxd4 4. Nxd4 Nf6 5. Nc3 Nc6 6. Bg5 e6 7. Qd2 Be7 8.
O-O-O Nxd4 9. Qxd4 O-O 10. f4 Qa5 11. Kb1 h6 12. h4 e5 13. Qd2 Nxe4 14. Nxe4
Qxd2 15. Rxd2 hxg5 16. fxg5 Bf5 17. Nxd6 Rfd8 18. Nxf5 Rxd2 19. Nxe7+ Kf8 20.
Kc1 Rad8 21. Bd3 R2xd3 22. cxd3 Kxe7 23. Rh3 Rd4 24. h5 Kf8 25. Re3 f6 26. h6
Kg8 27. hxg7 Kxg7 28. gxf6+ Kxf6 29. Kd2 Rg4 30. Re2 Rg3 31. Kc3 Rg4 32. Kd2
Rg3 33. Kc2 Kf5 34. a3 Kf6 35. Kc3 Rg4 36. Rc2 Ke6 37. Re2 Kd5 38. Rf2 Rg7 39.
Re2 Rg3 40. b3 b6 41. a4 a5 42. Kd2 Kd4 43. Re4+ 1/2-1/2

[Event "ESP-ch universities"]
[Site "Madrid"]
[Date "2008.05.08"]
[Round "1"]
[White "Torrenta Planas, Marcel"]
[Black "Cuenca Jimenez, Jose Fernando"]
[Result "0-1"]
[WhiteElo "2046"]
[BlackElo "2455"]
[PlyCount "50"]
[EventDate "2008.05.08"]
[EventType "swiss"]
[EventRounds "9"]
[EventCountry "ESP"]
[SourceTitle "CBM 124 Extra"]
[Source "ChessBase"]
[SourceDate "2008.07.03"]
[SourceVersion "1"]
[SourceVersionDate "2008.07.03"]
[SourceQuality "1"]

1. d4 Nf6 2. c4 g6 3. Nc3 Bg7 4. e4 d6 5. f3 O-O 6. Be3 c5 7. d5 e6 8. Qd2 exd5
9. cxd5 Re8 10. Bd3 a6 11. a4 Nbd7 12. Nge2 Ne5 13. O-O Nxd3 14. Qxd3 Bd7 15.
Ng3 b5 16. axb5 axb5 17. Rfe1 Rxa1 18. Rxa1 b4 19. Nd1 h5 20. Qb3 Bb5 21. Nf1
Nd7 22. Nd2 Ne5 23. Nf2 Nd7 24. Bf4 Qf6 25. Nh3 Qxb2 0-1

[Event "ESP-ch universities"]
[Site "Madrid"]
[Date "2008.05.08"]
[Round "2"]
[White "Cuenca Jimenez, Jose Fernando"]
[Black "Prieto Aranguren, Alain"]
[Result "1-0"]
[WhiteElo "2455"]
[BlackElo "2170"]
[PlyCount "67"]
[EventDate "2008.05.08"]
[EventType "swiss"]
[EventRounds "9"]
[EventCountry "ESP"]
[SourceTitle "CBM 124 Extra"]
[Source "ChessBase"]
[SourceDate "2008.07.03"]
[SourceVersion "1"]
[SourceVersionDate "2008.07.03"]
[SourceQuality "1"]

1. c4 Nf6 2. Nc3 g6 3. g3 Bg7 4. Bg2 O-O 5. d4 d6 6. Nf3 Nbd7 7. O-O c6 8. h3
e5 9. e4 a5 10. b3 exd4 11. Nxd4 Nc5 12. Rb1 Re8 13. Re1 Qe7 14. Bf4 Nh5 15.
Be3 Ne6 16. Nde2 h6 17. Qd2 Kh7 18. Rbd1 Bf8 19. Kh2 Nc5 20. g4 Nf6 21. Bf4
Nfxe4 22. Nxe4 Nxe4 23. Bxe4 Bxg4 24. hxg4 Qh4+ 25. Kg2 Rxe4 26. f3 Re6 27. Ng3
Rxe1 28. Rxe1 Qf6 29. Rh1 a4 30. Bxh6 Kg8 31. Bxf8 axb3 32. axb3 Rxf8 33. Ne4
Qe5 34. Qh6 1-0

[Event "ESP-ch universities"]
[Site "Madrid"]
[Date "2008.05.08"]
[Round "3"]
[White "Zamarbide Inarrea, Borja"]
[Black "Cuenca Jimenez, Jose Fernando"]
[Result "0-1"]
[WhiteElo "2202"]
[BlackElo "2455"]
[PlyCount "63"]
[EventDate "2008.05.08"]
[EventType "swiss"]
[EventRounds "9"]
[EventCountry "ESP"]
[SourceTitle "CBM 124 Extra"]
[Source "ChessBase"]
[SourceDate "2008.07.03"]
[SourceVersion "1"]
[SourceVersionDate "2008.07.03"]
[SourceQuality "1"]

1. f4 c5 2. Nf3 g6 3. e3 Bg7 4. d4 d6 5. Be2 Nf6 6. O-O b6 7. c4 cxd4 8. exd4
d5 9. Ne5 O-O 10. c5 bxc5 11. dxc5 Ba6 12. Be3 Qc8 13. b4 Bxe2 14. Qxe2 Ne4 15.
Bd4 f6 16. Nd3 Nc6 17. Bb2 Qd7 18. a3 e5 19. fxe5 fxe5 20. Nd2 Nxd2 21. Qxd2 a6
22. Qe3 e4 23. Bxg7 Qxg7 24. Nf4 Qe5 25. Rad1 Rad8 26. Rde1 Kg7 27. g3 Rde8 28.
Qe2 Nb8 29. Rd1 Rd8 30. a4 Kh8 31. b5 axb5 32. axb5 0-1

[Event "ESP-ch universities"]
[Site "Madrid"]
[Date "2008.05.09"]
[Round "4"]
[White "Cuenca Jimenez, Jose Fernando"]
[Black "Massanet Massanet, Sebastian"]
[Result "1-0"]
[WhiteElo "2455"]
[BlackElo "2278"]
[PlyCount "61"]
[EventDate "2008.05.08"]
[EventType "swiss"]
[EventRounds "9"]
[EventCountry "ESP"]
[SourceTitle "CBM 124 Extra"]
[Source "ChessBase"]
[SourceDate "2008.07.03"]
[SourceVersion "1"]
[SourceVersionDate "2008.07.03"]
[SourceQuality "1"]

1. c4 Nf6 2. Nc3 c5 3. g3 g6 4. Bg2 Bg7 5. e4 Nc6 6. Nge2 O-O 7. O-O d6 8. Rb1
Bd7 9. h3 Rc8 10. a3 Nd4 11. d3 e5 12. f4 a6 13. b4 cxb4 14. Rxb4 Nxe2+ 15.
Nxe2 Bc6 16. f5 Nd7 17. h4 Nc5 18. Be3 b5 19. Nc3 bxc4 20. Rxc4 Bb5 21. Nxb5
axb5 22. Rc3 Re8 23. Qf3 Qc7 24. h5 Qd7 25. Bh3 f6 26. hxg6 hxg6 27. Bg4 Ra8
28. fxg6 Qe7 29. Qh1 Kf8 30. Qh7 Qa7 31. Rxf6+ 1-0

[Event "ESP-ch universities"]
[Site "Madrid"]
[Date "2008.05.09"]
[Round "5"]
[White "Rabadan Velasco, Raul"]
[Black "Cuenca Jimenez, Jose Fernando"]
[Result "0-1"]
[WhiteElo "2309"]
[BlackElo "2455"]
[PlyCount "88"]
[EventDate "2008.05.08"]
[EventType "swiss"]
[EventRounds "9"]
[EventCountry "ESP"]
[SourceTitle "CBM 124 Extra"]
[Source "ChessBase"]
[SourceDate "2008.07.03"]
[SourceVersion "1"]
[SourceVersionDate "2008.07.03"]
[SourceQuality "1"]

1. d4 Nf6 2. c4 g6 3. Nc3 Bg7 4. e4 d6 5. Nf3 O-O 6. Be2 Na6 7. O-O e5 8. Be3
Ng4 9. Bg5 Qe8 10. Rc1 f6 11. Bh4 h5 12. Bg3 c6 13. Rb1 Nc7 14. b4 Qe7 15. d5
cxd5 16. exd5 f5 17. Bh4 Bf6 18. Bxf6 Qxf6 19. Qd2 Kg7 20. a4 Ne8 21. a5 e4 22.
Nd4 Qe5 23. f4 e3 24. fxe5 exd2 25. Rfd1 dxe5 26. Ndb5 a6 27. Na3 e4 28. Rxd2
e3 29. Rd4 f4 30. Bd3 Ne5 31. Be4 Nd6 32. Rf1 g5 33. Bb1 f3 34. Nc2 e2 35. Rf2
Ndxc4 36. Ne1 g4 37. d6 Bf5 38. Bxf5 Rxf5 39. Ne4 Rf4 40. g3 Rxe4 41. Rxe4 Rd8
42. Rd4 Rxd6 43. Rxd6 Nxd6 44. h3 Ne4 0-1

[Event "ESP-ch universities"]
[Site "Madrid"]
[Date "2008.05.09"]
[Round "6"]
[White "Cuenca Jimenez, Jose Fernando"]
[Black "Llaneza Vega, Marcos"]
[Result "1-0"]
[WhiteElo "2455"]
[BlackElo "2425"]
[PlyCount "59"]
[EventDate "2008.05.08"]
[EventType "swiss"]
[EventRounds "9"]
[EventCountry "ESP"]
[SourceTitle "CBM 124 Extra"]
[Source "ChessBase"]
[SourceDate "2008.07.03"]
[SourceVersion "1"]
[SourceVersionDate "2008.07.03"]
[SourceQuality "1"]

1. c4 c5 2. g3 Nc6 3. Bg2 g6 4. Nc3 Bg7 5. a3 e5 6. b4 d6 7. Rb1 Nge7 8. d3 O-O
9. e3 f5 10. Nge2 Rb8 11. O-O Be6 12. Nd5 cxb4 13. axb4 b5 14. cxb5 Rxb5 15.
Nxe7+ Nxe7 16. Qa4 Qb8 17. Bd2 Nd5 18. e4 fxe4 19. dxe4 Nc7 20. Be3 Bc4 21.
Rfe1 Bxe2 22. Qa2+ Rf7 23. Qxe2 a5 24. Qa2 Rxb4 25. Bf1 Kf8 26. Bd2 Rxb1 27.
Rxb1 Qa7 28. Bxa5 Bh6 29. Bc4 Rd7 30. Bd2 1-0

[Event "ESP-ch universities"]
[Site "Madrid"]
[Date "2008.05.10"]
[Round "7"]
[White "Martinez Martin, David"]
[Black "Cuenca Jimenez, Jose Fernando"]
[Result "1/2-1/2"]
[WhiteElo "2424"]
[BlackElo "2455"]
[PlyCount "98"]
[EventDate "2008.05.08"]
[EventType "swiss"]
[EventRounds "9"]
[EventCountry "ESP"]
[SourceTitle "CBM 124 Extra"]
[Source "ChessBase"]
[SourceDate "2008.07.03"]
[SourceVersion "1"]
[SourceVersionDate "2008.07.03"]
[SourceQuality "1"]

1. e4 d6 2. d4 Nf6 3. Nc3 e5 4. Nf3 Nbd7 5. g4 Nxg4 6. Rg1 Ngf6 7. Bc4 h6 8.
dxe5 dxe5 9. Qd3 c6 10. Be3 b5 11. Bb3 Qc7 12. O-O-O Bb7 13. Kb1 Rh7 14. Ne2 a6
15. c4 g6 16. cxb5 axb5 17. Nc3 b4 18. Ne2 Nc5 19. Bxc5 Bxc5 20. Qc2 Be7 21.
Nd2 Nd7 22. Nc4 Nc5 23. f4 Nxb3 24. Qxb3 exf4 25. e5 Kf8 26. Nxf4 Bc8 27. Nd6
Bxd6 28. exd6 Bf5+ 29. Ka1 Qb6 30. Rge1 Ra7 31. h4 Rh8 32. Re5 Kg7 33. Nh5+ Kf8
34. Nf6 Kg7 35. Ne8+ Kf8 36. Nc7 Kg7 37. Re7 Rf8 38. h5 Kg8 39. Ne8 Ra8 40. d7
Qc5 41. Nf6+ Kg7 42. Ne8+ Kg8 43. Nf6+ Kg7 44. Ne8+ Kg8 45. Qe3 Qc4 46. Nf6+
Kg7 47. Ne8+ Kg8 48. Nf6+ Kg7 49. Ne8+ Kg8 1/2-1/2

[Event "ESP-ch universities"]
[Site "Madrid"]
[Date "2008.05.11"]
[Round "9"]
[White "Cuenca Jimenez, Jose Fernando"]
[Black "Rodriguez Guerrero, Enrique"]
[Result "0-1"]
[WhiteElo "2455"]
[BlackElo "2457"]
[PlyCount "118"]
[EventDate "2008.05.08"]
[EventType "swiss"]
[EventRounds "9"]
[EventCountry "ESP"]
[SourceTitle "CBM 124 Extra"]
[Source "ChessBase"]
[SourceDate "2008.07.03"]
[SourceVersion "1"]
[SourceVersionDate "2008.07.03"]
[SourceQuality "1"]

1. e4 c5 2. Nf3 d6 3. d4 cxd4 4. Nxd4 e6 5. Nc3 a6 6. Be3 b5 7. Qd2 Bb7 8. f3
Nd7 9. O-O-O b4 10. Nce2 d5 11. exd5 Bxd5 12. Nf4 Ngf6 13. Kb1 Bc5 14. Nd3 Bxd4
15. Bxd4 a5 16. Qg5 O-O 17. Ne5 h6 18. Qg3 Nxe5 19. Qxe5 a4 20. Bd3 b3 21. cxb3
axb3 22. a3 Qe7 23. Rhe1 Rfc8 24. Rc1 Qf8 25. Rxc8 Rxc8 26. Rc1 Rxc1+ 27. Kxc1
Qc8+ 28. Kd2 Ne8 29. Bc3 Qd8 30. Ke2 f6 31. Qh5 Nd6 32. Qg6 Bc4 33. Qh7+ Kf7
34. Qg6+ Kg8 35. Qh7+ Kf7 36. Qg6+ Kg8 37. Bb4 Bb5 38. Qh7+ Kf7 39. Qg6+ Kg8
40. Qh7+ Kf7 41. Qg6+ Kg8 42. Ke1 Qb6 43. Qh7+ Kf8 44. Bxb5 Qg1+ 45. Bf1 Kf7
46. Bxd6 Qe3+ 47. Be2 f5 48. Bb4 Qc1+ 49. Kf2 Qxb2 50. Qh8 Qd4+ 51. Kg3 b2 52.
Qf8+ Kg6 53. Qe8+ Kh7 54. Qxe6 b1=Q 55. Bc4 Qd8 56. Be7 Qe8 57. Bb4 Qxe6 58.
Bxe6 Kg6 59. h4 Kf6 0-1

[Event "Benasque op 28th"]
[Site "Benasque"]
[Date "2008.07.07"]
[Round "5"]
[White "Delchev, Aleksander"]
[Black "Cuenca Jimenez, Jose Fernando"]
[Result "1/2-1/2"]
[WhiteElo "2618"]
[BlackElo "2448"]
[PlyCount "79"]
[EventDate "2008.07.03"]
[EventType "swiss"]
[EventRounds "10"]
[EventCountry "ESP"]
[SourceTitle "CBM 125 Extra"]
[Source "ChessBase"]
[SourceDate "2008.09.01"]
[SourceVersion "1"]
[SourceVersionDate "2008.09.01"]
[SourceQuality "1"]

1. d4 Nf6 2. Nf3 g6 3. c4 Bg7 4. Nc3 O-O 5. e4 d6 6. Be2 Na6 7. O-O e5 8. Be3
Ng4 9. Bg5 Qe8 10. Re1 h6 11. Bh4 Nf6 12. c5 g5 13. dxe5 dxe5 14. Bg3 Nxc5 15.
Bxe5 g4 16. Bxf6 Bxf6 17. Nd2 h5 18. Nd5 Bd8 19. Qc2 Ne6 20. Qc3 c6 21. Nf6+
Bxf6 22. Qxf6 Qd8 23. Qc3 Qd4 24. Qc1 Rd8 25. Rd1 Nf4 26. Bf1 Be6 27. Qc2 Qe5
28. Nb3 Rxd1 29. Rxd1 Re8 30. Nc5 b6 31. Nb7 c5 32. Nd6 Rf8 33. a3 h4 34. g3
Nh5 35. Bc4 Rd8 36. Bxe6 fxe6 37. Nc4 Rxd1+ 38. Qxd1 Qxe4 39. Qd8+ Kh7 40. Qe7+
1/2-1/2

[Event "Benasque op 28th"]
[Site "Benasque"]
[Date "2008.07.08"]
[Round "6"]
[White "Cuenca Jimenez, Jose Fernando"]
[Black "Gupta, Abhijeet"]
[Result "1/2-1/2"]
[WhiteElo "2448"]
[BlackElo "2551"]
[PlyCount "57"]
[EventDate "2008.07.03"]
[EventType "swiss"]
[EventRounds "10"]
[EventCountry "ESP"]
[SourceTitle "CBM 125 Extra"]
[Source "ChessBase"]
[SourceDate "2008.09.01"]
[SourceVersion "1"]
[SourceVersionDate "2008.09.01"]
[SourceQuality "1"]

1. e4 e5 2. Nf3 Nc6 3. Bb5 Nge7 4. O-O g6 5. c3 Bg7 6. d4 exd4 7. cxd4 d5 8.
exd5 Nxd5 9. Re1+ Be6 10. Ne5 Qd6 11. Nd2 O-O 12. Ne4 Qb4 13. Bxc6 bxc6 14.
Nxc6 Qb6 15. Ne5 Rad8 16. Nc5 Bf5 17. Qb3 Qxb3 18. axb3 Nb4 19. Rxa7 Nc2 20.
Rf1 Nxd4 21. Nc4 Ra8 22. Rxa8 Rxa8 23. Be3 Nc2 24. h3 h5 25. Rd1 Bf8 26. Nd7
Nxe3 27. Nxe3 Bxd7 28. Rxd7 Bd6 29. g3 1/2-1/2

[Event "POR-chT 50th"]
[Site "Evora"]
[Date "2008.07.26"]
[Round "1"]
[White "Andrade, Jose Manuel Vieira"]
[Black "Cuenca Jimenez, Jose Fernando"]
[Result "0-1"]
[WhiteElo "2290"]
[BlackElo "2448"]
[PlyCount "50"]
[EventDate "2008.07.26"]
[EventType "team-tourn"]
[EventRounds "9"]
[EventCountry "POR"]
[SourceTitle "EXT 2009"]
[Source "ChessBase"]
[SourceDate "2008.11.26"]
[SourceVersion "1"]
[SourceVersionDate "2008.11.26"]
[SourceQuality "1"]

1. c4 Nf6 2. Nc3 g6 3. e4 d6 4. d4 Bg7 5. Nf3 O-O 6. Be2 Na6 7. O-O e5 8. dxe5
dxe5 9. Qa4 Nc5 10. Qc2 Nfd7 11. Bg5 f6 12. Be3 Ne6 13. Rfd1 Qe7 14. Nd5 Qe8
15. Nh4 c6 16. Nc3 Qe7 17. g3 a5 18. Rd2 Ndc5 19. Rad1 Nd4 20. Bxd4 exd4 21.
Rxd4 f5 22. Rd6 fxe4 23. R1d2 e3 24. fxe3 Qxe3+ 25. Kh1 Bxc3 0-1